| 000 -ლიდერი |
| ფიქსირებული სიგრძის საკონტროლო ველი |
00958nam a2200217Ia 4500 |
| 001 - საკონტროლო ნომერი |
| საკონტროლო ველი |
6953 |
| 003 - საკონტროლო ნომრის იდენტიფიკატორი |
| საკონტროლო ველი |
GE_BSU |
| 005 - ბოლო ოპერაციის თარიღი და დრო |
| საკონტროლო ველი |
20191115165624.0 |
| 008 - ფიქსირებული სიგრძის მონაცემთა ელემენტები - ზოგადი ინფორმაცია |
| ფიქსირებული სიგრძის საკონტროლო ველი |
181216s2012||||g |||||||||||||| ||geo|| |
| 020 ## - წიგნის საერთაშორისო სტანდარტული ნომერი |
| International Standard Book Number |
9789941178702 |
| 040 ## - კატალოგიზაციის წყარო |
| Transcribing agency |
GE_BSU |
| 080 ## - უნივერსალური ათობითი კლასიფიკაციის ინდექსი |
| Universal Decimal Classification number |
336.22(479.22)+336.221 ვ-39 |
| 100 ## - მთავარი ჩანაწერი - პიროვნების სახელი |
| Personal name |
ვერულიძე, ვაჟა |
| 9 (RLIN) |
2959 |
| 245 ## - ცნობა სათაურის შესახებ |
| Title |
გადასახადები და საგადასახადო დაბეგვრა : |
| Remainder of title |
სახელმძღვ. / |
| Statement of responsibility, etc |
ვაჟა ვერულიძე ; რედ. მურმან ცინცაძე. |
| 264 ## - წარმოების, გამოცემის, დისტრიბუციის და სხვა ცნობები |
| გამოცემის, წარმოების, დისტრიბუციის... ადგილი |
თბილისი : |
| გამოცემის, წარმოების, დისტრიბუციის... სახელწოდება |
უნივერსალი ; |
| გამოცემის, წარმოების, დისტრიბუციის... თარიღი |
2012. |
| 300 ## - ფიზიკური აღწერა |
| Extent |
430 გვ. ; |
| Dimensions |
21 სმ. |
| 653 ## - INDEX TERM--UNCONTROLLED |
| Uncontrolled term |
გადასახადები საქართველოში |
| 653 ## - INDEX TERM--UNCONTROLLED |
| Uncontrolled term |
დაბეგვრა |
| 700 ## - ADDED ENTRY--PERSONAL NAME |
| Personal name |
ცინცაძე, მურმან |
| Relator term |
რედაქტორი |
| 9 (RLIN) |
5374 |
| 942 ## - ADDED ENTRY ELEMENTS (KOHA) |
| Koha item type |
წიგნი |
| Source of classification or shelving scheme |
|